Шашин: (Record no. 15558)

MARC details
000 -LEADER
fixed length control field 01634nam a22003017a 4500
003 - CONTROL NUMBER IDENTIFIER
control field OSt
005 - DATE AND TIME OF LATEST TRANSACTION
control field 20260304024818.0
008 - FIXED-LENGTH DATA ELEMENTS--GENERAL INFORMATION
fixed length control field 191022b mp ||||| |||| 00| 0 mon d
040 ## - CATALOGING SOURCE
Original cataloging agency MN-MNUMS
Language of cataloging MON
Transcribing agency MN-MNUMS
Modifying agency MN-MNUMS
Description conventions rda
082 ## - DEWEY DECIMAL CLASSIFICATION NUMBER
Classification number 030
Item number Ш-378
Edition number 21
100 ## - MAIN ENTRY--PERSONAL NAME
Personal name Өнөр, С.
Relator term зохиогч
9 (RLIN) 69521
245 ## - TITLE STATEMENT
Title Шашин:
Remainder of title Агуу санааг энгийнгээр тайлбарлах нь
264 ## - PRODUCTION, PUBLICATION, DISTRIBUTION, MANUFACTURE, AND COPYRIGHT NOTICE
Place of production, publication, distribution, manufacture Улаанбаатар:
Name of producer, publisher, distributor, manufacturer Монсудар,
Date of production, publication, distribution, manufacture, or copyright notice 2016.
300 ## - PHYSICAL DESCRIPTION
Extent 352 хуудастай.
Other physical details хүснэгт, зурагтай
440 ## - SERIES STATEMENT/ADDED ENTRY--TITLE
International Standard Serial Number 978-99973-1-273-0
9 (RLIN) 32070
505 ## - FORMATTED CONTENTS NOTE
Title Гарчиг
Title --Анхны сүсэг бишрэлүүд балар эртны үеэс
-- --Эртний ба сонгодог үеийн сүсэг бишрэлүүд МЭӨ 3000 оноос
-- --Хиндүизм МЭӨ 1700 оноос
-- --Буддизм МЭӨ VI зуунаас
-- --Жүүдизм МӨЭ 2000 оноос
-- --Христийн шашин МЭ I зуунаас
-- --Лалын шашин МЭ 610 оноос
-- --Орчин үеийн шашнууд XV зуунаас
546 ## - LANGUAGE NOTE
Хэл монгол хэл
Information code or alphabet (Крилл)
650 ## - SUBJECT ADDED ENTRY--TOPICAL TERM
Source of heading or term танин мэдэхүйн толь
9 (RLIN) 32070
Topical term or geographic name entry element нэвтэрхий толь
9 (RLIN) 32071
Topical term or geographic name entry element дэлхийн түүх
9 (RLIN) 19162
700 ## - ADDED ENTRY--PERSONAL NAME
Personal name Шуламит Амбалу
9 (RLIN) 32072
Relator term орчуулсан
Personal name Өнөр С.
9 (RLIN) 3860
Relator term орчуулсан
Personal name Дэмбэрэл С.
9 (RLIN) 32081
Relator term орчуулсан
Personal name Пүрэвдорж Ж.
9 (RLIN) 32082
Relator term орчуулсан
Personal name Амантай Х.
9 (RLIN) 32091
Relator term орчуулсан
942 ## - ADDED ENTRY ELEMENTS (KOHA)
Source of classification or shelving scheme Dewey Decimal Classification
Koha item type Нэвтэрхий толь
Holdings
Date last seen Inventory number Total Checkouts Full call number Barcode Price effective from Koha item type Public note Lost status Source of classification or shelving scheme Damaged status Not for loan Withdrawn status Home library Current library Shelving location Date acquired Cost, normal purchase price Date last checked out Non-public note
10/22/2019 3321   030 Ш-378 ATNS-M10029 10/22/2019 Нэвтэрхий толь 2023.05 | 2024.06   Dewey Decimal Classification       Эрдэм шинжилгээний номын сан Эрдэм шинжилгээний номын сан Үндсэн фонд 10/22/2019 34900.00    
10/22/2025 3577 8 200. 03 Ш-378 ATNS-OFm03446 12/18/2019 Нэвтэрхий толь 2020.05.27 | 2020.08.31 | 2022.02.07 | 2022.08.16 | 2022.10.28 | 2023.06 | 2023.11.16 | 2024.04.19   Dewey Decimal Classification       Эрдэм шинжилгээний номын сан Эрдэм шинжилгээний номын сан Уншлага№2 12/18/2019 29900.00 10/22/2025 тоолов | тоолов